Countries that Attributed 12 Points to Conchita Wurst (Eurovision 2014) - Statistics

General Stats
  • This quiz has been taken 244 times
  • The average score is 12 of 13
Answer Stats
Answer % Correct
Sweden
99%
Ireland
97%
United Kingdom
97%
Spain
96%
Italy
95%
Portugal
93%
Finland
91%
Netherlands
90%
Switzerland
90%
Belgium
88%
Greece
88%
Slovenia
86%
Israel
85%
No matching quizzes found
Score Distribution
Percent of People with Each Score
Percentile by Number Answered
Your Score History
You have not taken this quiz